=LDR 00000nam 2200000 4500 =001 NUTBA000000000003647 =005 20140825093155.0 =006 =007 =008 =020 ##$$a 979-28-0606-9 =035 ##$$a 0010-081400000000492 =040 ##$$a NBPDMAT =082 ##$$a 372.7 =090 ##$$a 372.7 $b Dew k =100 ##$$a Dewi Marsiyah =245 ##$$a Kekongruenan / $c Dewi Marsiyah ; editor, Ngapiningsih =260 ##$$a Klaten : $b Intan Pariwara, $c 2009 =300 ##$$a iv, 60 hlm. : $b ilus. ; $c 20 cm. =500 ##$$a Bibliografi : hlm. 60 =650 ##$$a Matematika SD =850 ##$$a NBPDMAT =990 ##$$a 21404527